The macroeconomy : (Record no. 67087)

MARC details
000 -LEADER
fixed length control field 00536nam a22001577a 4500
005 - DATE AND TIME OF LATEST TRANSACTION
control field 20120523130553.0
020 ## - INTERNATIONAL STANDARD BOOK NUMBER
International Standard Book Number 0195643062
Terms of availability 00
035 ## - SYSTEM CONTROL NUMBER
System control number A-936369
037 ## - SOURCE OF ACQUISITION
Stock number DPL
Source of stock number/acquisition ENG
100 ## - MAIN ENTRY--PERSONAL NAME
Personal name Dasgupta, Dipankar
245 ## - TITLE STATEMENT
Title The macroeconomy :
Remainder of title A textbook view /
Statement of responsibility, etc by Dipankar Dasgupta
260 ## - PUBLICATION, DISTRIBUTION, ETC. (IMPRINT)
Place of publication, distribution, etc Delhi
Name of publisher, distributor, etc Oxford University Press
Date of publication, distribution, etc 1997
300 ## - PHYSICAL DESCRIPTION
Extent xiii, 219p.
Dimensions 18 cms.
942 ## - ADDED ENTRY ELEMENTS (KOHA)
Source of classification or shelving scheme Dewey Decimal Classification
Item type English Books
Classification part 339
Call number suffix DAS
Holdings
Withdrawn status Lost status Not for loan Collection code Home library Current library Date acquired Cost, normal purchase price Full call number Barcode Cost, replacement price Koha item type
      Non-fiction Sarojini Nagar Sarojini Nagar 23/05/2012 0.00 339 DAS A-936369 0.00 English Books

© Delhi Public Library
Hit Counter
free hit counter